| Tag |
First Indicator |
Second Indicator |
Subfields |
| LEADER |
00000cam a2200000 a 4500 |
| 001 |
in00002337745 |
| 005 |
20211129154632.0 |
| 008 |
071105s2005 dcuab b f000 0 eng c |
| 035 |
|
|
|a (OCoLC)ocm60778860
|
| 037 |
|
|
|a NCJ 192378
|b NIJ
|
| 040 |
|
|
|a VVK
|c VVK
|d GPO
|d MvI
|d UtOrBLW
|
| 042 |
|
|
|a pcc
|
| 043 |
|
|
|a n-us-ca
|
| 049 |
|
|
|a UDOC
|a WWW
|
| 074 |
|
|
|a 0718-A-03
|
| 074 |
|
|
|a 0718-A-03 (online)
|
| 086 |
0 |
|
|a J 28.24/3:G 95/4
|
| 245 |
0 |
0 |
|a Reducing gun violence :
|b Operation Ceasefire in Los Angeles /
|c [George E. Tita and others].
|
| 264 |
|
1 |
|a Washington, DC (810 7th St., N.W., Washington 20531) :
|b U.S. Dept. of Justice, Office of Justice Programs, National Institute of Justice,
|c [2005]
|
| 300 |
|
|
|a v, 23 pages :
|b illustrations, maps ;
|c 23 cm.
|
| 336 |
|
|
|a text
|b txt
|2 rdacontent
|
| 337 |
|
|
|a unmediated
|b n
|2 rdamedia
|
| 338 |
|
|
|a volume
|b nc
|2 rdacarrier
|
| 500 |
|
|
|a Shipping list number: 2008-0018-P.
|
| 500 |
|
|
|a "Feb. 05."
|
| 500 |
|
|
|a Shipping List Date: 10/25/2007
|
| 504 |
|
|
|a Includes bibliographic references.
|
| 505 |
0 |
|
|a Foreword -- The need for an intervention -- Borrowing from Boston -- What lay behind Hollenbeck's violence? -- Launching Operation Ceasefire in Los Angeles -- Did violence decline? -- The balance sheet -- A message to other jurisdictions -- Notes.
|
| 530 |
|
|
|a Also available via Internet from the National Criminal Justice References Service web site. Address as of 11/6/07: http://www.ncjrs.gov/pdffiles1/nij/192378.pdf ; current access available via PURL.
|
| 650 |
|
0 |
|a Gun control
|z California
|z Los Angeles.
|
| 650 |
|
0 |
|a Violent crimes
|z California
|z Los Angeles
|x Prevention.
|
| 650 |
|
0 |
|a Gang prevention
|z California
|z Los Angeles.
|
| 650 |
1 |
2 |
|a Firearms
|x legislation & jurisprudence
|z California
|z Los Angeles.
|
| 650 |
1 |
2 |
|a Violence
|x prevention & control
|z California
|z Los Angeles.
|
| 650 |
2 |
2 |
|a Wounds, Gunshot
|x prevention & control
|z California
|z Los Angeles.
|
| 700 |
1 |
|
|a Tita, George.
|
| 710 |
2 |
|
|a National Institute of Justice (U.S.)
|
| 856 |
4 |
1 |
|u https://purl.fdlp.gov/GPO/LPS87634
|t 0
|
| 999 |
|
|
|a MARS
|
| 999 |
f |
f |
|s 034fd94e-b9b1-33a0-b0bc-b13eb1b7e452
|i afa1e9e0-e804-3f6a-b630-95892190b99b
|t 0
|
| 952 |
f |
f |
|a Texas A&M University
|b College Station
|c Electronic Resources
|d Available Online
|t 0
|e J 28.24/3:G 95/4
|h Superintendent of Documents classification
|
| 998 |
f |
f |
|a J 28.24/3:G 95/4
|t 0
|l Available Online
|